000 00429nam a2200145Ia 4500
008 100204s9999 xx 000 0 und d
082 _b14677
100 _aरानडे जयंत
245 _aडबल क्रॉस
260 _b"श्रध्दा प्रकाशन, पुणे"
_c1991
300 _a135
630 _aडबल क्रॉस
730 _aडबल क्रॉस
942 _cBOOK
999 _c459108
_d459105